ბათუმის შოთა რუსთაველის სახელმწიფო უნივერსიტეტის ბიბლიოთეკა

Справочник по ремонтно-строительным работам в жилых и общественных зданиях. (ბიბ.ჩანაწერი № 40747)

000 -LEADER
fixed length control field 00667nam a2200205Ia 4500
001 - CONTROL NUMBER
control field 7386
003 - CONTROL NUMBER IDENTIFIER
control field GE_BSU
008 - FIXED-LENGTH DATA ELEMENTS--GENERAL INFORMATION
fixed length control field 181216s||||||||xx |||||||||||||| ||und||
040 ## - CATALOGING SOURCE
Transcribing agency GE_BSU
100 ## - MAIN ENTRY--PERSONAL NAME
Personal name Дидык,В.П. Шапран,И.С.
245 ## - TITLE STATEMENT
Title Справочник по ремонтно-строительным работам в жилых и общественных зданиях.
245 ## - TITLE STATEMENT
Statement of responsibility, etc. Ред. Э.А.Полторацкая.
250 ## - EDITION STATEMENT
Edition statement Изд. второе, перераб. и допол.
260 ## - PUBLICATION, DISTRIBUTION, ETC.
Place of publication, distribution, etc. Киев.
260 ## - PUBLICATION, DISTRIBUTION, ETC.
Name of publisher, distributor, etc. Будiвельник.
260 ## - PUBLICATION, DISTRIBUTION, ETC.
Date of publication, distribution, etc. 1965.
300 ## - PHYSICAL DESCRIPTION
Extent 486стр.17см.
300 ## - PHYSICAL DESCRIPTION
Accompanying material табл.
942 ## - ADDED ENTRY ELEMENTS (KOHA)
Koha item type წიგნი
ეგზემპლარები
Withdrawn status Lost status Damaged status Not for loan Date acquired Barcode Date last seen Price effective from Koha item type
        2018-12-17 10331 2018-12-17 2018-12-17 წიგნი